[Event "Politiken Cup"]
[Site "Copenhagen"]
[Date "2006.07.22"]
[Round "1.1"]
[White "Short, Nigel"]
[Black "Dawson, Jeffery"]
[Result "1-0"]
[WhiteElo "2676"]
[BlackElo "2009"]
[PlyCount "101"]
[EventDate "2006.??.??"]

1. e4 e5 2. Nf3 d6 3. d4 exd4 4. Nxd4 Be7 5. Nc3 Nf6 6. Bf4 O-O 7. Be2 Nbd7 8.
Qd2 Ne5 9. O-O Re8 10. Bg3 Ng6 11. f4 Bf8 12. f5 Ne5 13. Rad1 Bd7 14. Kh1 Bc6
15. Qf4 Ned7 16. Bf3 Ne5 17. Rfe1 Nfd7 18. Be2 Be7 19. b4 b6 20. Ba6 Rb8 21.
Nxc6 Nxc6 22. a3 Nce5 23. h3 Bg5 24. Qf2 Nf6 25. Bb5 Re7 26. Bh2 h5 27. Bf4
Bxf4 28. Qxf4 Ned7 29. Re3 a5 30. Rg3 Qf8 31. Bxd7 Rxd7 32. Qh4 Kh8 33. Nd5
Nxd5 34. Qxh5+ Kg8 35. exd5 f6 36. Re3 Re7 37. Re6 axb4 38. axb4 Qf7 39. Qe2
Ree8 40. b5 Ra8 41. c4 Kf8 42. Rd4 Kg8 43. Kh2 Rac8 44. Rde4 Kf8 45. Rxe8+ Rxe8
46. Rxe8+ Qxe8 47. Qxe8+ Kxe8 48. Kg3 Kf7 49. Kg4 Kg8 50. Kh5 Kf7 51. h4 1-0

[Event "Politiken Cup"]
[Site "Copenhagen"]
[Date "2006.07.22"]
[Round "1.2"]
[White "Hansen, Morten Lyck"]
[Black "Hansen, Curt"]
[Result "0-1"]
[WhiteElo "2009"]
[BlackElo "2625"]
[PlyCount "66"]
[EventDate "2006.??.??"]

1. e4 c5 2. Nf3 Nc6 3. d4 cxd4 4. Nxd4 Nf6 5. Nc3 d6 6. Be2 g6 7. O-O Bg7 8.
Be3 O-O 9. Nb3 a6 10. a4 Be6 11. f4 Nd7 12. Nd2 Nc5 13. f5 Bd7 14. fxg6 hxg6
15. Bg4 Rc8 16. Bxd7 Nxd7 17. Nf3 Na5 18. Ng5 Nc4 19. Bc1 Nf6 20. Kh1 Nh7 21.
Nxh7 Kxh7 22. Rf3 Kg8 23. Rh3 Rc5 24. Qe1 Qa5 25. Qg3 e6 26. Rb1 Rh5 27. b4
Rxh3 28. Qxh3 Qe5 29. Rb3 f5 30. Qd3 d5 31. Nxd5 exd5 32. Qxd5+ Qxd5 33. exd5
Rc8 0-1

[Event "Politiken Cup"]
[Site "Copenhagen"]
[Date "2006.07.22"]
[Round "1.3"]
[White "Vaganian, Rafael A"]
[Black "Nguyen, Michael"]
[Result "1-0"]
[WhiteElo "2598"]
[BlackElo "2009"]
[PlyCount "37"]
[EventDate "2006.??.??"]

1. Nf3 Nf6 2. c4 b6 3. d4 e6 4. Nc3 Bb7 5. a3 d5 6. cxd5 Nxd5 7. Bd2 Be7 8. Qc2
O-O 9. Rd1 Nd7 10. e4 Nxc3 11. Bxc3 Qc8 12. Bc4 Nf6 13. Bd3 h6 14. O-O Rd8 15.
Qe2 Nd7 16. d5 Nf8 17. Nd4 a5 18. Qg4 Bf6 19. Nc6 1-0

[Event "Politiken Cup"]
[Site "Copenhagen"]
[Date "2006.07.22"]
[Round "1.4"]
[White "Asbjornsson, Ingvar"]
[Black "Malakhatko, Vadim"]
[Result "0-1"]
[WhiteElo "2007"]
[BlackElo "2594"]
[PlyCount "66"]
[EventDate "2006.??.??"]

1. d4 Nf6 2. Nf3 e6 3. g3 b5 4. Bg2 Bb7 5. O-O c5 6. b3 cxd4 7. Nxd4 Bxg2 8.
Kxg2 Qb6 9. Na3 a6 10. c4 Nc6 11. Nxc6 Qxc6+ 12. Kg1 h5 13. h4 Be7 14. Qd3 b4
15. Nc2 d5 16. Ne3 Rd8 17. Bb2 d4 18. Nc2 e5 19. Qf5 Qe4 20. Qxe4 Nxe4 21. Rfd1
Rh6 22. e3 d3 23. Ne1 d2 24. Nc2 Rf6 25. f4 Rg6 26. Bxe5 Rxg3+ 27. Kh2 Bxh4 28.
Bd4 Rd6 29. f5 Rf3 30. Nxb4 Rxf5 31. Nd3 Rg6 32. Rg1 Bg3+ 33. Kh3 Rg4 0-1

[Event "Politiken Cup"]
[Site "Copenhagen"]
[Date "2006.07.22"]
[Round "1.6"]
[White "Thomassen, Joachim"]
[Black "Hector, Jonny"]
[Result "1-0"]
[WhiteElo "2006"]
[BlackElo "2508"]
[PlyCount "91"]
[EventDate "2006.??.??"]

1. e4 e5 2. Nf3 Nc6 3. Bb5 a6 4. Ba4 Nf6 5. O-O b5 6. Bb3 Bb7 7. d4 Nxd4 8.
Bxf7+ Kxf7 9. Nxe5+ Kg8 10. Qxd4 Qe8 11. Nf3 Nxe4 12. Be3 c5 13. Qd1 d5 14. c3
Bd6 15. Nbd2 Qg6 16. Nxe4 Qxe4 17. a4 b4 18. Re1 Qg6 19. cxb4 cxb4 20. Bd4 Rc8
21. Qe2 h6 22. Nh4 Qe4 23. Qxe4 dxe4 24. Bxg7 Rh7 25. Nf5 Bf4 26. g3 Bb8 27.
Rad1 Re8 28. Bxh6 Be5 29. Nd6 Rxh6 30. Nxe8 Kf8 31. f4 Bb8 32. Rd8 Ba7+ 33. Kf1
Ke7 34. Nd6 Bc6 35. Nf5+ Kxd8 36. Nxh6 Ke7 37. b3 Ke6 38. Ke2 Bd5 39. Rb1 a5
40. Ng4 Bb7 41. Ne3 Ba6+ 42. Kd2 Bd4 43. Rc1 Bd3 44. Nc4 Kf5 45. Nxa5 Kg4 46.
Nc6 1-0

[Event "Politiken Cup"]
[Site "Copenhagen"]
[Date "2006.07.22"]
[Round "1.7"]
[White "Karlsson, Lars"]
[Black "Skovgaard, Tom"]
[Result "1-0"]
[WhiteElo "2506"]
[BlackElo "2004"]
[PlyCount "69"]
[EventDate "2006.??.??"]

1. c4 e5 2. g3 Nf6 3. Bg2 c6 4. d4 exd4 5. Qxd4 Bb4+ 6. Nc3 O-O 7. Bg5 Be7 8.
Rd1 Na6 9. Nf3 Nc7 10. O-O Ne6 11. Qd3 Nxg5 12. Nxg5 Qa5 13. Nge4 d6 14. a3 Rd8
15. b4 Qh5 16. f4 Bh3 17. Bxh3 Qxh3 18. Nf2 Qh5 19. e4 a5 20. b5 Ng4 21. Nxg4
Qxg4 22. Kg2 Bf6 23. Na4 cxb5 24. cxb5 Rac8 25. Rc1 Rxc1 26. Rxc1 d5 27. e5
Bxe5 28. h3 Qe6 29. Nc5 Qe7 30. fxe5 Qxe5 31. Nxb7 Re8 32. Nxa5 Qg5 33. Rc5 Qh5
34. Rxd5 Re2+ 35. Kf1 1-0

[Event "Politiken Cup"]
[Site "Copenhagen"]
[Date "2006.07.22"]
[Round "1.8"]
[White "Bergvoll, Mats"]
[Black "Brynell, Stellan"]
[Result "0-1"]
[WhiteElo "2003"]
[BlackElo "2497"]
[PlyCount "56"]
[EventDate "2006.??.??"]

1. e4 e6 2. d4 d5 3. exd5 exd5 4. c4 Bb4+ 5. Bd2 Bxd2+ 6. Qxd2 Nf6 7. Nf3 O-O
8. Be2 dxc4 9. O-O Nc6 10. Na3 Bg4 11. Nxc4 Re8 12. Rfd1 Qe7 13. Ne3 Bh5 14.
Qc2 Rad8 15. Qb3 Ne4 16. Re1 Bxf3 17. Bxf3 Nxd4 18. Qxb7 Nxf3+ 19. gxf3 Nd2 20.
Ng4 Qg5 21. Rxe8+ Rxe8 22. Qc6 Rf8 23. Kh1 Qf4 24. Kg2 h5 25. Ne3 Rd8 26. Rg1
Rd6 27. Qa8+ Kh7 28. Kh1 Nxf3 0-1

[Event "Politiken Cup"]
[Site "Copenhagen"]
[Date "2006.07.22"]
[Round "1.9"]
[White "Knudsen, Jes West"]
[Black "Howell, David WL"]
[Result "0-1"]
[WhiteElo "1999"]
[BlackElo "2479"]
[PlyCount "80"]
[EventDate "2006.??.??"]

1. e4 e5 2. Bc4 Nf6 3. d3 Nc6 4. Nc3 Na5 5. Nge2 c6 6. Bxf7+ Kxf7 7. f4 exf4 8.
e5 Ng4 9. Nxf4 Nxe5 10. Qh5+ g6 11. Nxg6 Nxg6 12. O-O+ Kg8 13. Ne4 Be7 14. Bg5
d5 15. Bxe7 Qxe7 16. Nf6+ Kg7 17. Rae1 Be6 18. Qg5 Rhe8 19. Nh5+ Kh8 20. Rf6
Qc5+ 21. Kf1 Qxc2 22. Qh6 Qxd3+ 23. Kg1 Qd4+ 24. Kh1 Re7 25. Rxg6 Bf5 26. Rf1
Qf2 27. Ng3 Qxf1+ 28. Nxf1 Bxg6 29. h4 Rf7 30. Ne3 Nc4 31. Ng4 Rg8 32. Qc1 h5
33. Nh6 Rfg7 34. b3 Nd6 35. Nxg8 Kxg8 36. Qc5 Ne4 37. Qxa7 Ng3+ 38. Kh2 Be4 39.
Qb8+ Kh7 40. Qe5 Nf5 0-1

[Event "Politiken Cup"]
[Site "Copenhagen"]
[Date "2006.07.22"]
[Round "1.10"]
[White "Rasmussen, Karsten"]
[Black "Frisk, Ellinor"]
[Result "1-0"]
[WhiteElo "2467"]
[BlackElo "1998"]
[PlyCount "73"]
[EventDate "2006.??.??"]

1. d4 d5 2. c4 c6 3. Bf4 Nf6 4. e3 a6 5. Bd3 g6 6. Nf3 Bg7 7. O-O O-O 8. h3
Nbd7 9. a4 dxc4 10. Bxc4 Nd5 11. Bh2 a5 12. Qe2 N7b6 13. Bb3 Be6 14. Nbd2 Nc7
15. Bxc7 Qxc7 16. Bxe6 fxe6 17. Ng5 Qd7 18. Nde4 Qd5 19. Qg4 Rf5 20. f4 h6 21.
Nc3 Qd7 22. Nge4 Kh7 23. Nc5 Qc8 24. Rf3 h5 25. Qg3 Nc4 26. N3e4 Bf6 27. Qf2
Rd5 28. b3 Nb6 29. Rf1 Kg7 30. g4 hxg4 31. hxg4 Kg8 32. Nxf6+ exf6 33. Qh4 Qf8
34. Nxe6 Qf7 35. Rh3 Qxe6 36. Qh8+ Kf7 37. Rh7# 1-0

[Event "Politiken Cup"]
[Site "Copenhagen"]
[Date "2006.07.22"]
[Round "1.11"]
[White "Marcussen, Claus"]
[Black "Boros, Denes"]
[Result "0-1"]
[WhiteElo "1985"]
[BlackElo "2462"]
[PlyCount "92"]
[EventDate "2006.??.??"]

1. f4 g6 2. Nf3 Bg7 3. e3 d6 4. d4 Nh6 5. Be2 O-O 6. O-O c5 7. c3 Nc6 8. Nbd2
cxd4 9. exd4 a6 10. Ne4 b5 11. a3 Bb7 12. Ng3 Qb6 13. Kh1 e6 14. Be3 Ne7 15.
Qd2 Nd5 16. Rae1 Rab8 17. h3 Qc6 18. Bd3 Nf6 19. Re2 Kh8 20. Bg1 Nf5 21. Bh2 a5
22. Ne4 Qb6 23. Nxf6 Bxf6 24. Be4 b4 25. Bxb7 Qxb7 26. axb4 axb4 27. c4 b3 28.
Qd3 h5 29. g4 Nxd4 30. Rd2 hxg4 31. hxg4 Ra8 32. Kg1 Nxf3+ 33. Rxf3 Ra1+ 34.
Rf1 Qb6+ 35. Kg2 Qc6+ 36. Qf3 Ra6 37. Qxc6 Rxc6 38. Rf3 Rb8 39. f5 gxf5 40.
gxf5 e5 41. Bg1 Kg7 42. Rfd3 Rxc4 43. Rxd6 Bg5 44. Re2 Rc2 45. Kf3 Rxe2 46.
Kxe2 Bc1 0-1

[Event "Politiken Cup"]
[Site "Copenhagen"]
[Date "2006.07.22"]
[Round "1.12"]
[White "Aagaard, Jacob"]
[Black "Muratet Casadevall, Elias"]
[Result "1-0"]
[WhiteElo "2457"]
[BlackElo "1978"]
[PlyCount "29"]
[EventDate "2006.??.??"]

1. e4 Nf6 2. e5 Nd5 3. d4 d6 4. Nf3 Nc6 5. c4 Nb6 6. e6 f6 7. d5 Ne5 8. Nxe5
dxe5 9. Be3 c6 10. Nc3 g6 11. h4 Bxe6 12. dxe6 Qxd1+ 13. Rxd1 Rd8 14. c5 Rxd1+
15. Kxd1 1-0

[Event "Politiken Cup"]
[Site "Copenhagen"]
[Date "2006.07.22"]
[Round "1.13"]
[White "Svanholm, Borge Waaktaar"]
[Black "Kristiansen, Jens"]
[Result "0-1"]
[WhiteElo "1978"]
[BlackElo "2425"]
[PlyCount "50"]
[EventDate "2006.??.??"]

1. c4 e5 2. g3 d6 3. Bg2 f5 4. Nc3 Nf6 5. Nf3 g6 6. d3 Bg7 7. O-O O-O 8. b4 Nh5
9. Bb2 a6 10. a4 f4 11. b5 Nd7 12. Ne4 Ndf6 13. Nfd2 Nxe4 14. Nxe4 Bg4 15. Qd2
Qd7 16. Rfe1 Rae8 17. d4 Bf5 18. dxe5 Bxe5 19. Bxe5 Rxe5 20. Nc3 fxg3 21. hxg3
Bh3 22. Bxb7 axb5 23. axb5 Qg4 24. Bf3 Rxf3 25. exf3 Qxf3 0-1

[Event "Politiken Cup"]
[Site "Copenhagen"]
[Date "2006.07.22"]
[Round "1.14"]
[White "Hoi, Carsten"]
[Black "Rasmussen, Morten"]
[Result "1-0"]
[WhiteElo "2386"]
[BlackElo "1976"]
[PlyCount "55"]
[EventDate "2006.??.??"]

1. d4 Nf6 2. c4 g6 3. Nc3 d5 4. Nf3 Bg7 5. Bg5 Ne4 6. Bh4 Nxc3 7. bxc3 O-O 8.
cxd5 Qxd5 9. e3 Re8 10. Be2 c5 11. O-O cxd4 12. cxd4 Nc6 13. Nd2 b6 14. Bf3 Qd7
15. Rc1 Bb7 16. Bg4 e6 17. Bf3 Na5 18. Ne4 Bxe4 19. Bxe4 Rac8 20. Qe2 e5 21.
Rxc8 Rxc8 22. dxe5 Bxe5 23. f4 Qa4 24. Qg4 Rc4 25. fxe5 f5 26. Bd5+ Kg7 27.
Bf6+ Kf8 28. Qg5 1-0

[Event "Politiken Cup"]
[Site "Copenhagen"]
[Date "2006.07.22"]
[Round "1.15"]
[White "Larsen, Andreas"]
[Black "Tjiam, Dharma"]
[Result "0-1"]
[WhiteElo "1975"]
[BlackElo "2391"]
[PlyCount "54"]
[EventDate "2006.??.??"]

1. d4 Nf6 2. Nf3 g6 3. c4 Bg7 4. Nc3 d6 5. e4 O-O 6. Be2 Bg4 7. h3 Bxf3 8. Bxf3
Nc6 9. Be3 e5 10. d5 Ne7 11. g4 c6 12. Qa4 Ne8 13. Rg1 Kh8 14. h4 f5 15. dxc6
bxc6 16. gxf5 gxf5 17. exf5 Qc7 18. Bg4 Nf6 19. O-O-O d5 20. Bc5 d4 21. Ne2 Ne4
22. Bxe7 Qxe7 23. f3 Nf2 24. Rdf1 Nd3+ 25. Kb1 Rab8 26. b3 Rb4 27. Qxc6 Rxb3+
0-1

[Event "Politiken Cup"]
[Site "Copenhagen"]
[Date "2006.07.22"]
[Round "1.16"]
[White "Jakobsen, Ole"]
[Black "Hartsteen, Mark"]
[Result "1-0"]
[WhiteElo "2387"]
[BlackElo "1973"]
[PlyCount "49"]
[EventDate "2006.??.??"]

1. d4 Nf6 2. c4 g6 3. Nc3 Bg7 4. e4 d6 5. f3 O-O 6. Nge2 Nbd7 7. Bg5 c5 8. Qd2
cxd4 9. Nxd4 Re8 10. Be2 a6 11. O-O Qc7 12. Kh1 Nc5 13. Rac1 Ne6 14. Nd5 Qc5
15. Nb3 Qc6 16. Na5 Qc5 17. Be3 Nd4 18. Bxd4 Nxe4 19. fxe4 Qxd4 20. Qxd4 Bxd4
21. Nb3 Bxb2 22. Rc2 Be5 23. Nc7 Be6 24. Nxa8 Rxa8 25. c5 1-0

[Event "Politiken Cup"]
[Site "Copenhagen"]
[Date "2006.07.22"]
[Round "1.17"]
[White "Nielsen, Preben"]
[Black "Antonsen, Mikkel"]
[Result "0-1"]
[WhiteElo "1972"]
[BlackElo "2380"]
[PlyCount "120"]
[EventDate "2006.??.??"]

1. d4 Nf6 2. Nf3 g6 3. g3 Bg7 4. Bg2 d5 5. O-O O-O 6. c3 Na6 7. b4 c6 8. Qb3
Nc7 9. Nbd2 Nb5 10. Bb2 Nd6 11. Rfe1 h6 12. Ne5 Be6 13. f3 Nd7 14. Nxd7 Qxd7
15. Qc2 Bh3 16. e4 Bxg2 17. Kxg2 dxe4 18. Nxe4 Qf5 19. Qe2 a5 20. a3 Rfd8 21.
Nc5 e6 22. Nb3 a4 23. Nc5 b5 24. Rad1 Re8 25. f4 h5 26. Qf3 Qd5 27. Re2 Nc4 28.
Bc1 Qxf3+ 29. Kxf3 Bf8 30. Ne4 Be7 31. Nd2 Nb6 32. Nf1 Bf6 33. Rde1 Kf8 34. Nd2
Kg7 35. Ne4 Rad8 36. h3 Be7 37. Be3 Nc4 38. Bc1 Rd5 39. Nd2 Nb6 40. Re5 Red8
41. Rxd5 cxd5 42. Ke3 g5 43. Nf3 gxf4+ 44. gxf4 Rg8 45. Rg1+ Kf8 46. Rxg8+ Kxg8
47. Ne5 Kg7 48. Kf3 Bh4 49. Nc6 Nc8 50. Bd2 Kf6 51. Ne5 Nd6 52. Nd3 Kf5 53. Ne5
Ne4 54. Bc1 Nd6 55. Bd2 Kf6 56. Ke3 Kf5 57. Kf3 Nc4 58. Bc1 Be1 59. Nxc4 dxc4
60. Ke3 Bxc3 0-1

[Event "Politiken Cup"]
[Site "Copenhagen"]
[Date "2006.07.22"]
[Round "1.18"]
[White "Degtiarev, Evgeny"]
[Black "Friesen, Bas"]
[Result "1-0"]
[WhiteElo "2378"]
[BlackElo "1971"]
[PlyCount "53"]
[EventDate "2006.??.??"]

1. d4 d5 2. Nf3 c6 3. c4 e6 4. Nc3 Nf6 5. e3 Nbd7 6. Bd3 Bd6 7. O-O O-O 8. e4
dxe4 9. Nxe4 Nxe4 10. Bxe4 h6 11. Bc2 Nf6 12. b3 b6 13. Bb2 Bb7 14. Qd3 Re8 15.
Rfe1 Qc7 16. c5 Be7 17. Ne5 Rad8 18. Qc4 Bf8 19. a4 a5 20. Rac1 Rd5 21. Nd3 Nd7
22. Bb1 bxc5 23. dxc5 Nxc5 24. Nf4 Rdd8 25. Nh5 Na6 26. Nf6+ Kh8 27. Qc2 1-0

[Event "Politiken Cup"]
[Site "Copenhagen"]
[Date "2006.07.22"]
[Round "1.19"]
[White "Sjol, Henrik"]
[Black "Bromann, Thorbjorn"]
[Result "0-1"]
[WhiteElo "1966"]
[BlackElo "2364"]
[PlyCount "96"]
[EventDate "2006.??.??"]

1. d4 d5 2. Nf3 Nc6 3. c4 Bg4 4. e3 e6 5. Be2 Nf6 6. Nc3 dxc4 7. O-O Bd6 8. h3
Bh5 9. Nd2 Bxe2 10. Qxe2 Na5 11. Nxc4 Nxc4 12. Qxc4 O-O 13. e4 Be7 14. Be3 c6
15. Rfd1 Rc8 16. a4 Qa5 17. Qe2 Bb4 18. Bd2 Qb6 19. Bg5 Nd7 20. Be3 Qa5 21. Bd2
Rcd8 22. Nb1 Nb6 23. Bc3 Rd7 24. Qe1 Bxc3 25. Qxc3 Qh5 26. Nd2 Nxa4 27. Qf3 Qb5
28. b3 Nb6 29. Rxa7 Rxd4 30. Nb1 Rxd1+ 31. Qxd1 Nc8 32. Ra8 c5 33. Nc3 Qc6 34.
Ra1 Qc7 35. Qe2 Qe5 36. Rc1 Rd8 37. Qe3 h6 38. Na4 b6 39. Nc3 Rd4 40. f3 Ne7
41. Na4 Qd6 42. Nc3 Rd3 43. Qe1 Qd4+ 44. Kf1 Ng6 45. Ne2 Qd6 46. Rb1 Rd2 47.
Qg3 Qd3 48. Re1 e5 0-1

[Event "Politiken Cup"]
[Site "Copenhagen"]
[Date "2006.07.22"]
[Round "1.20"]
[White "Matthiesen, Arne"]
[Black "Helin, Mikael"]
[Result "1-0"]
[WhiteElo "2358"]
[BlackElo "1964"]
[PlyCount "97"]
[EventDate "2006.??.??"]

1. d4 Nf6 2. Nf3 c5 3. d5 e6 4. Nc3 b5 5. dxe6 fxe6 6. Nxb5 Qa5+ 7. Nc3 d5 8.
Bd2 Qc7 9. Bg5 Be7 10. e3 a6 11. Be2 O-O 12. O-O Bb7 13. h3 Nbd7 14. Re1 Bd6
15. Bf1 Rae8 16. Bh4 h6 17. Bxf6 Rxf6 18. Qd2 Ref8 19. Rad1 Rxf3 20. gxf3 Ne5
21. Bg2 Rxf3 22. Ne4 Be7 23. Ng3 Bh4 24. Qe2 Qf7 25. Bxf3 Nxf3+ 26. Kg2 d4 27.
e4 Nxe1+ 28. Rxe1 Qe7 29. Qg4 Bg5 30. b3 Bd2 31. Rd1 Bb4 32. Rd3 Bc8 33. Rf3
Qg5 34. Qh5 Qxh5 35. Nxh5 Bb7 36. Ng3 a5 37. h4 Ba6 38. Kh3 Ba3 39. Kg4 a4 40.
bxa4 Bc1 41. Rb3 c4 42. Rb6 h5+ 43. Kf3 g5 44. Rxa6 gxh4 45. Ne2 d3 46. cxd3
cxd3 47. Nc3 Kf7 48. Rd6 d2 49. Nb1 1-0

[Event "Politiken Cup"]
[Site "Copenhagen"]
[Date "2006.07.22"]
[Round "1.21"]
[White "Marshall, Michael"]
[Black "Brinck-Claussen, Bjorn"]
[Result "0-1"]
[WhiteElo "1961"]
[BlackElo "2358"]
[PlyCount "60"]
[EventDate "2006.??.??"]

1. d4 Nf6 2. Nf3 g6 3. Nc3 d5 4. Bf4 Bg7 5. e3 c6 6. Bd3 Nbd7 7. Qd2 Nh5 8. Bg5
h6 9. Bh4 g5 10. Bg3 Nxg3 11. hxg3 e5 12. dxe5 Nxe5 13. Nxe5 Bxe5 14. O-O-O Qa5
15. Kb1 Bg4 16. f3 Be6 17. f4 d4 18. exd4 Bxd4 19. a3 O-O-O 20. Ne2 Qxd2 21.
Rxd2 Be3 22. Rdd1 Bg4 23. Rhf1 Rxd3 24. Rxd3 Bxe2 25. Re1 Bxd3 26. Rxe3 Bc4 27.
b3 Be6 28. Kb2 Rg8 29. Re2 gxf4 30. gxf4 Rg4 0-1

[Event "Politiken Cup"]
[Site "Copenhagen"]
[Date "2006.07.22"]
[Round "1.22"]
[White "Tallaksen, Geir S"]
[Black "Tjensvoll, Tore"]
[Result "1-0"]
[WhiteElo "2356"]
[BlackElo "1961"]
[PlyCount "61"]
[EventDate "2006.??.??"]

1. d4 Nf6 2. c4 e6 3. Nf3 b6 4. Nc3 d5 5. cxd5 exd5 6. Bg5 Be7 7. Qc2 Bb7 8. e3
O-O 9. Bd3 h6 10. Bh4 Re8 11. O-O Nbd7 12. Rfd1 a6 13. Rac1 c5 14. dxc5 bxc5
15. Bf5 Nb6 16. a4 a5 17. Ne5 Qb8 18. Nb5 Ne4 19. Bxe4 Bxh4 20. Bh7+ Kf8 21.
Qxc5+ Re7 22. Qxb6 Qxe5 23. g3 Bf6 24. Nd6 Ra6 25. Qd8+ Re8 26. Qxe8+ Qxe8 27.
Nxe8 Kxe8 28. Bd3 Rb6 29. Bb5+ Kd8 30. Rc2 Be5 31. e4 1-0

[Event "Politiken Cup"]
[Site "Copenhagen"]
[Date "2006.07.22"]
[Round "1.23"]
[White "Akdag, Dara"]
[Black "Rasmussen, Allan Stig"]
[Result "0-1"]
[WhiteElo "1958"]
[BlackElo "2353"]
[PlyCount "72"]
[EventDate "2006.??.??"]

1. d4 f5 2. g3 Nf6 3. Bg2 d6 4. b3 e5 5. dxe5 dxe5 6. Qxd8+ Kxd8 7. a3 Bd6 8.
Bb2 c6 9. Nd2 Be6 10. Ngf3 Nbd7 11. e4 g6 12. Ng5 Bg8 13. exf5 gxf5 14. Nc4
Bxc4 15. bxc4 Kc7 16. O-O-O Nb6 17. Rxd6 Kxd6 18. c5+ Kxc5 19. Bxe5 Nbd7 20.
Ne6+ Kb6 21. Bc7+ Ka6 22. Rd1 Rhe8 23. Rd6 Rac8 24. Bf1+ b5 25. Rxc6+ Kb7 26.
Bxb5 Rxe6 27. Rxe6 Rxc7 28. Ba6+ Kb8 29. Be2 Rc5 30. f3 Re5 31. Rxe5 Nxe5 32.
c4 Kc7 33. Kc2 Kc6 34. h3 Kc5 35. Kc3 h6 36. f4 Ne4+ 0-1

[Event "Politiken Cup"]
[Site "Copenhagen"]
[Date "2006.07.22"]
[Round "1.24"]
[White "Zozulia, Anna"]
[Black "Eliassen, Erik"]
[Result "1-0"]
[WhiteElo "2352"]
[BlackElo "1956"]
[PlyCount "31"]
[EventDate "2006.??.??"]

1. e4 c5 2. Nf3 d6 3. d4 cxd4 4. Nxd4 Nf6 5. Nc3 g6 6. Be2 Bg7 7. O-O O-O 8.
Bg5 Nc6 9. Nb3 a6 10. a4 b6 11. Re1 Bb7 12. Bf1 e6 13. Qd2 Qc7 14. Rad1 Rfd8
15. Qf4 Nh5 16. Bxd8 1-0

[Event "Politiken Cup"]
[Site "Copenhagen"]
[Date "2006.07.22"]
[Round "1.25"]
[White "Nielsen, Thomas"]
[Black "Adamski, Jan"]
[Result "0-1"]
[WhiteElo "1956"]
[BlackElo "2348"]
[PlyCount "80"]
[EventDate "2006.??.??"]

1. d4 Nf6 2. c4 e6 3. Nc3 Bb4 4. Qc2 c5 5. dxc5 Qc7 6. g3 Bxc5 7. Nf3 Be7 8.
Nb5 Qc6 9. Bd2 d6 10. Bg2 a6 11. Nbd4 Qc7 12. O-O O-O 13. Rac1 b6 14. e4 Bb7
15. Rfe1 Nbd7 16. b4 Rac8 17. Re2 Qb8 18. Qd3 Rfd8 19. Bc3 Ne5 20. Qc2 Nxc4 21.
Nd2 d5 22. Nxc4 Rxc4 23. e5 Nd7 24. Qb2 Rdc8 25. Ree1 Nxe5 26. Qd2 Bf6 27. f4
Nd3 28. Qxd3 Bxd4+ 29. Bxd4 Rxc1 30. Rxc1 Rxc1+ 31. Bf1 Qc7 32. Bb2 Rc4 33. Qd2
Rc2 34. Qd4 f6 35. Bd3 e5 36. fxe5 fxe5 37. Qh4 Rxb2 38. Qxh7+ Kf7 39. Bg6+ Kf6
40. Bf5 Qc1# 0-1

[Event "Politiken Cup"]
[Site "Copenhagen"]
[Date "2006.07.22"]
[Round "1.26"]
[White "Carstensen, Jacob"]
[Black "Pettersen, Joar Gullestad"]
[Result "0-1"]
[WhiteElo "2326"]
[BlackElo "1956"]
[PlyCount "86"]
[EventDate "2006.??.??"]

1. d4 Nf6 2. c4 Nc6 3. Nf3 e6 4. a3 d5 5. Nc3 a6 6. cxd5 exd5 7. Bg5 Be7 8. e3
h6 9. Bh4 Ne4 10. Bxe7 Nxc3 11. bxc3 Nxe7 12. Bd3 Bg4 13. c4 c5 14. Qa4+ Bd7
15. Qb3 Qa5+ 16. Kf1 b5 17. Be2 dxc4 18. Qb2 O-O 19. dxc5 Rac8 20. Ne5 Be6 21.
Bg4 Bxg4 22. Nxg4 Rfd8 23. Qb4 Qc7 24. e4 Qf4 25. f3 Rd2 26. Re1 Rcd8 27. Nf2
Nc6 28. Qc3 Ra2 29. Re2 Rdd2 30. g3 Qe5 31. Qxd2 Rxd2 32. Rxd2 Qa1+ 33. Kg2
Qxa3 34. Rd5 b4 35. Rd6 Ne5 36. c6 Qxf3+ 37. Kg1 Nxc6 38. Rxc6 c3 39. h4 b3 40.
Kh2 Qxf2+ 41. Kh3 c2 42. Rc8+ Kh7 43. Rb8 Qe3 0-1

[Event "Politiken Cup"]
[Site "Copenhagen"]
[Date "2006.07.22"]
[Round "1.27"]
[White "Frank-Nielsen, Marie"]
[Black "Berry, Neil"]
[Result "0-1"]
[WhiteElo "1955"]
[BlackElo "2334"]
[PlyCount "78"]
[EventDate "2006.??.??"]

1. e4 e6 2. d4 d5 3. exd5 exd5 4. c4 Nf6 5. Nf3 Bb4+ 6. Bd2 Bxd2+ 7. Nbxd2 O-O
8. Be2 Re8 9. O-O Nbd7 10. Rc1 Nf8 11. cxd5 Nxd5 12. Bc4 Nb6 13. Bb3 Be6 14.
Qc2 c6 15. Rfd1 Bd5 16. Qf5 Re6 17. Bxd5 Qxd5 18. Qxd5 Nxd5 19. g3 Rd8 20. Nb3
Re2 21. Rd2 Rxd2 22. Nfxd2 Ne6 23. Ne4 Ne7 24. Nec5 b6 25. Nxe6 fxe6 26. Re1
Kf7 27. Re4 Nf5 28. Kg2 Ke7 29. f4 Rd5 30. g4 Nd6 31. Re2 Kd7 32. Kf3 Rb5 33.
Nc1 Rb4 34. Nb3 a5 35. f5 exf5 36. gxf5 a4 37. Nc1 Nxf5 38. Rf2 Rxd4 39. Ne2
Rd2 0-1

[Event "Politiken Cup"]
[Site "Copenhagen"]
[Date "2006.07.22"]
[Round "1.29"]
[White "Tofte, Sondre Waage"]
[Black "Rasmussen, Casper"]
[Result "0-1"]
[WhiteElo "1950"]
[BlackElo "2290"]
[PlyCount "66"]
[EventDate "2006.??.??"]

1. e4 c5 2. a3 e6 3. b4 b6 4. Nf3 Bb7 5. Nc3 Nf6 6. e5 Nd5 7. Nxd5 Bxd5 8. c4
Bxf3 9. Qxf3 Nc6 10. bxc5 bxc5 11. Bb2 Rb8 12. Bc3 Rb3 13. Bd3 g6 14. O-O Bg7
15. Qe4 O-O 16. f4 f6 17. Bc2 Rb6 18. Rae1 fxe5 19. fxe5 Rf5 20. Qe3 Rxf1+ 21.
Rxf1 Qe7 22. Qe4 Rb8 23. Ba4 Nd8 24. Ba5 Nf7 25. Bc7 Rf8 26. Re1 d5 27. exd6
Nxd6 28. Qc6 Bd4+ 29. Kh1 Qf7 30. h3 Qf2 31. Qxd6 Qxe1+ 32. Kh2 Bg1+ 33. Kh1
Bf2+ 0-1

[Event "Politiken Cup"]
[Site "Copenhagen"]
[Date "2006.07.22"]
[Round "1.30"]
[White "De Haan, Eric"]
[Black "Agustsson, Hafsteinn"]
[Result "1-0"]
[WhiteElo "2295"]
[BlackElo "1945"]
[PlyCount "79"]
[EventDate "2006.??.??"]

1. d4 Nf6 2. c4 e6 3. Nf3 b6 4. a3 Bb7 5. Nc3 Be7 6. d5 exd5 7. cxd5 O-O 8. e4
d6 9. Bd3 Nbd7 10. O-O Nc5 11. Bc2 a5 12. Rb1 Re8 13. b4 axb4 14. axb4 Ncd7 15.
Ba4 Bf8 16. Bg5 Be7 17. Re1 Rf8 18. Bc1 Ne8 19. Nd4 Bf6 20. f4 g6 21. Bb2 Bg7
22. g3 Qc8 23. Bb5 Ba6 24. Nc6 Kh8 25. Ba4 Nb8 26. e5 Nxc6 27. Bxc6 Bb7 28. Bb5
dxe5 29. fxe5 c6 30. Bf1 cxd5 31. Nxd5 Qe6 32. Nf4 Qf5 33. Bh3 Qg5 34. e6 Bxb2
35. Rxb2 fxe6 36. Nxe6 Qf6 37. Rd2 Rf7 38. Rf1 Qe7 39. Rd7 Rxf1+ 40. Qxf1 1-0

[Event "Politiken Cup"]
[Site "Copenhagen"]
[Date "2006.07.22"]
[Round "1.33"]
[White "Grove, Peter"]
[Black "Andreasen, Per"]
[Result "0-1"]
[WhiteElo "1942"]
[BlackElo "2283"]
[PlyCount "44"]
[EventDate "2006.??.??"]

1. e4 g6 2. d4 Bg7 3. Nc3 d6 4. Be3 a6 5. Qd2 b5 6. f3 Nd7 7. Bd3 c5 8. dxc5
Nxc5 9. Nge2 Bb7 10. O-O Rc8 11. a3 Nf6 12. Bh6 O-O 13. Bxg7 Kxg7 14. Ng3 e5
15. Qg5 Ne6 16. Qe3 Qc7 17. Rfd1 Rfd8 18. Nce2 d5 19. c3 Qc5 20. Qxc5 Nxc5 21.
exd5 Bxd5 22. Kf2 Bb3 0-1

[Event "Politiken Cup"]
[Site "Copenhagen"]
[Date "2006.07.22"]
[Round "1.35"]
[White "Martin, Katie"]
[Black "Sylvan, Jacob"]
[Result "1-0"]
[WhiteElo "1939"]
[BlackElo "2279"]
[PlyCount "149"]
[EventDate "2006.??.??"]

1. e4 c5 2. Nc3 Nc6 3. d3 g6 4. g3 Bg7 5. Bg2 e6 6. Be3 b6 7. Qd2 Nge7 8. Nge2
d5 9. exd5 exd5 10. d4 O-O 11. dxc5 d4 12. Nxd4 Bxd4 13. Bxd4 Qxd4 14. Qxd4
Nxd4 15. Bxa8 Nxc2+ 16. Kd2 Nxa1 17. Rxa1 bxc5 18. Bg2 Rd8+ 19. Kc2 Nf5 20. Rd1
Nd4+ 21. Kc1 Be6 22. Re1 f6 23. Be4 Kf7 24. f4 a5 25. Rd1 h6 26. b3 f5 27. Bg2
g5 28. Kb2 Rc8 29. Bd5 Bxd5 30. Nxd5 Re8 31. Rd2 Nf3 32. Rf2 g4 33. Ka3 Re4 34.
Rc2 h5 35. Rxc5 h4 36. Nc3 Re3 37. Rxf5+ Kg6 38. Nd5 Re2 39. Rf6+ Kg7 40. gxh4
Rxh2 41. Ra6 Re2 42. Nf6 Nd2 43. Nh5+ Kf7 44. Rxa5 Rh2 45. Rf5+ Ke7 46. Rg5
Rxh4 47. Ng3 Rh2 48. Rxg4 Nb1+ 49. Kb4 Rxa2 50. Ne4 Na3 51. Rg3 Ke6 52. Rf3 Kf5
53. Rf2 Nc2+ 54. Kc3 Kxe4 55. Rxc2 Ra8 56. Rf2 Ke3 57. Rf1 Ke2 58. Rb1 Ke3 59.
f5 Rc8+ 60. Kb4 Rf8 61. Kc4 Rxf5 62. Rd1 Rf2 63. b4 Rc2+ 64. Kb5 Ke4 65. Kb6
Ke5 66. b5 Ke6 67. Kb7 Rb2 68. b6 Rb3 69. Kc7 Rc3+ 70. Kb8 Rb3 71. b7 Rb2 72.
Rc1 Ke7 73. Rc7+ Kd6 74. Kc8 Rh2 75. b8=Q 1-0